Oliver St. John Gogarty : the man of many talents : a biography /

Bibliographic Details
Main Author: Lyons, J. B. (John Benignus)
Format: Book
Language:English
Published: Dublin : Blackwater, [1980]
Subjects:

MARC

Tag First Indicator Second Indicator Subfields
LEADER 00000cam a2200000 a 4500
001 in00000071734
005 20151008062352.0
008 810902s1980 ie af b 00110beng
010 |a  81108752  
015 |a IR*** 
020 |a 0905471121 :  |c 11.00 
035 |a (OCoLC)06697510 
035 |9 AAK0077AM 
039 0 |a 2  |b 3  |c 3  |d 3  |e 3 
040 |a DLC  |c DLC  |d TXA  |d UtOrBLW 
049 |a TXAM  |c [932664] 
050 0 0 |a PR6013.O28  |b Z76 
082 0 |a 821/.912  |a B  |2 19 
100 1 |a Lyons, J. B.  |q (John Benignus) 
245 1 0 |a Oliver St. John Gogarty :  |b the man of many talents : a biography /  |c J.B. Lyons. 
264 1 |a Dublin :  |b Blackwater,  |c [1980] 
264 4 |c ©1980 
300 |a 348 pages, 32 unnumbered pages of plates :  |b illustrations ;  |c 27 cm. 
336 |a text  |b txt  |2 rdacontent 
337 |a unmediated  |b n  |2 rdamedia 
338 |a volume  |b nc  |2 rdacarrier 
500 |a Includes index. 
504 |a Bibliography: pages 319-340. 
600 1 0 |a Gogarty, Oliver St. John,  |d 1878-1957. 
650 0 |a Authors, Irish  |y 20th century  |v Biography. 
650 0 |a Surgeons  |z Ireland  |x Biography. 
650 0 |a Legislators  |z Ireland  |v Biography. 
999 |a MARS 
999 f f |s 9868001a-dd28-37ef-9a59-dfd9288db3b0  |i 5d99d965-a963-331d-a3ee-fda580536fbc  |t 0 
952 f f |p ric  |a Texas A&M University  |b Rellis Campus  |c Joint Library Facility  |d Remote Storage  |t 0  |e PR6013.O28 Z76  |h Library of Congress classification  |i unmediated -- volume  |m A14806186453 
998 f f |a PR6013.O28 Z76  |t 0  |l Remote Storage